00145nam a2200061Ia 4500008004100000100001800041245002400059201216s9999 xx 000 0 und d aWright, C. H. 0aEffective deck hand